| 000 | 00656nam a2200193 i 4500 | ||
|---|---|---|---|
| 001 | 29520 | ||
| 003 | ES-MaACL | ||
| 005 | 20250630225025.0 | ||
| 007 | t| | ||
| 008 | 030122s1944 sp ||||1| spa d | ||
| 245 | 0 | 0 |
_aBarcelona a través de los tiempos / _cpor Luis Pericot... [et al.] ; viñetas de Sanz Lafita ; grabados de J. Esteva Jelín. |
| 260 |
_aBarcelona : _bMercedes, _c1944 ( _fYuste) |
||
| 300 |
_a351 p. : _bil. ; _c30 cm. |
||
| 700 | 1 |
_aPericot, Luis, _d1899-1978 _991262 |
|
| 700 | 1 |
_aSanz Lafita, Luis Pablo. _9103653 |
|
| 700 | 1 |
_aEsteve Jelín, J. _948148 |
|
| 852 |
_aES-MaACL _jB-10679 _bR.22173 |
||
| 999 |
_c29520 _d29520 |
||